000 00246nam a22001097a 4500
040 _cSK
082 _a158
100 _aសរ សុជន
245 _aភាពជាអ្នកដឹកនាំ
260 _aRUA
_bសរ
_c2009
942 _cKB
999 _c10223
_d10223